Statistics for Can you name famous footballers turned managers?

Click here to take the quiz!

General Stats

  • This quiz has been taken 22 times
  • The average score is 19 of 34

Answer Stats

Played ForManagedAnswer% Correct
West Ham, Swansea, Chelsea, New York City, Manchester CityDerby, Chelsea, EvertonFrank Lampard
95%
Barcelona C, Barcelona B, Barcelona, Brescia, Roma, Al-Ahli, DoradosBarcelona B, Barcelona, Bayern Munich, Manchester CityPep Guardiola
90%
Liverpool, LA GalaxyLiverpool U18, Rangers, Aston Villa, Al-EttifaqSteven Gerrard
90%
Parma, Roma, MilanReggiana, Parma, Juventus, Milan, Chelsea, PSG, Real Madrid, Bayern Munich, Napoli, EvertonCarlo Ancelotti
81%
Celtic, LiverpoolLiverpool, Blackburn, Newcastle, CelticKenny Dalglish
81%
Clairefontaine Youth, Versailles Youth, Monaco, Juventus, Arsenal, Barcelona, New York Red BullsArsenal Youth, Monaco, Montreal Impact, France U21Thierry Henry
76%
Cannes, Bordeaux, Juventus, Real MadridReal Madrid Castilla, Real MadridZinedine Zidane
76%
Tours FC, Cannes, Milan, Arsenal, Juventus, Inter, Manchester CityManchester City U21, New York City, OGC Nice, Crystal Palace, StrasbourgPatrick Vieira
71%
Everton, Manchester United, Everton, D.C United, DerbyDerby, D.C UnitedWayne Rooney
71%
Barcelona B, Barcelona, Al-SaddAl-Sadd, BarcelonaXavi
71%
Lecce, JuventusArezzo, Bari, Atalanta, Siena, Juventus, Italy, Chelsea, Inter, SpursAntonio Conte
67%
Manchester UnitedValenciaGary Neville
67%
Ajax, Barcelona, LA Aztecs, Washington Diplomats, Levante, FeyenoordAjax, Barcelona, CataloniaJohan Cruyff
67%
Clausenengen, Molde, Manchester UnitedManchester United Reserves, Molde, Cardiff, Manchester UnitedOle Gunnar Solskjaer
67%
Southampton, Blackburn, NewcastleNewcastleAlan Shearer
62%
SPAL, Roma, Juventus,
Milan
Milan Primavera, Milan, Real Madrid, Roma, Juventus, England, Russia, Jiangsu SuningFabio Capello
62%
Sporting Gijon, Real Madrid, Barcelona, AsturiasBarcelona B, Roma, Celta Vigo, Barcelona, Spain, PSGLuis Enrique
62%
Anderlecht, Hamburger SV, Manchester CityAnderlecht, BurnleyVincent Kompany
62%
Nantes, Marseille, Bordeaux, Juventus, Chelsea, ValenciaMonaco, Juventus, Marseille, FranceDidier Deschamps
57%
Velez Sarsfield, Pisa, Sevilla, Atletico Madrid, Inter, Lazio, Racing ClubRacing Club, Estudiantes, River Plate, San Lorenzo, Catania, Atletico MadridDiego Simeone
57%
Brescia, Inter, Reggina, Milan, Juventus, New York CityJuventus U23, Juventus, Fatih Karagumruk, SampdoriaAndrea Pirlo
52%
Bayern Munich, New York Cosmos, Hamburger SVWest Germany, Marseille, Bayern MunichFranz Beckenbauer
52%
Rockmount AFC, Cobh Ramblers, Nottingham Forest, Manchester United, CelticSunderland, Ipswich TownRoy Keane
52%
All Boys, Boca Juniors, Corinthians, West Ham, Manchester United, Manchester City, Juventus, Shanghai ShenhuaRosario Central, IndependienteCarlos Tevez
48%
Piacenza, Leffe, Verona, Parma, Atalanta, Juventus, MilanMilan U17, Milan U19, Milan, Venezia, Bologna, Benevento, Brescia, RegginaFilippo Inzaghi
48%
Farul Constanta, Sportul Studentesc, Steaua Bucharest, Real Madrid, Brescia, Barcelona, GalatasarayRomania, Bursapor, Galatasaray, Poli Timisoara, Steaua Bucharest, FC ViitorulGheorghe Hagi
48%
Borussia M'gladbach, Hannover 96Borussia M'gladbach, Bayern Munich, Athletic Bilbao, Frankfurt, Tenerife, Real Madrid, Benfica, Schalke, Bayer LeverkusenJupp Heynckes
33%
Blaubach-Diedelkopf, Homburg ll, Homburg, Kaiserslautern ll, Kaiserslautern, Werder Bremen, Bayern Munich, LazioBayern Munich U17, SCR AltachMiroslav Klose
33%
Fulham, West Brom, Vancouver RoyalsVancouver Royals, Fulham, Ipswich, England, PSV, Sporting CP, Porto, Barcelona, NewcastleBobby Robson
29%
ArsenalWycombe, Feyenoord U19, Portsmouth, FK Qabala, Granada CFTony Adams
29%
Billingham, Middlesbrough, SunderlandSunderland Yth, Hartlepool, Derby, Brighton, Leeds, Nottingham ForestBrian Clough
24%
Milan, VareseMilan, Juventus, Inter, Bayern Munich, Cagliari, Fiorentina, Italy, Benfica, Stuttgart, Salzburg, Ireland, Vatican CityGiovanni Trapattoni
24%
Livorno, Pisa, Pavia, Pescara, Cagliari, Perugia, Padova, Napoli, Pistoiese, AglianeseAglianese, SPAL, Grosseto, Lecco, Sassuolo, Cagliari, Milan, JuventusMassimiliano Allegri
19%
America-RJ, Flamengo, BotafogoBotafogo, Brazil, Fluminense, Flamengo, Kuwait, Al-Hilal, Vasco de Gama, Saudi Arabia, Bangu-RJ, UAE, PortuguesaMario Zagallo
14%

Score Distribution

Percentile by Number Answered

Percent of People with Each Score

Your Score History

You have not taken this quiz